000 01369naa a22003617a 4500
001 BR7805331
003 BR-BrBNA
005 20240918174216.0
007 ta
008 230509b bl.||||| |||| 00| 0 por d
040 _aBR-BrBNA
_bpor
_cBiblioteca Nacional de Agricultura
041 _a(Pt)
072 _aF00; F30
_b0120
_bG514
090 _aF00 BR7805331
100 1 _aSutili, V.R.
100 1 _aMatzenauer, R.
100 1 _aTedesco, A.
100 1 _aBarni, V.
111 1 _a23. Reuniao Tecnica Anual do Milho; 7. Reuniao Tecnica Anual do Sorgo Granifero
_cPorto Alegre, RS (Brazil)
_d1978
245 1 _aEfeito de epocas de semeadura em tres cultivares de milho em tres locais do Rio Grande do Sul [Zea mays; Taquari; Santo Augusto; Nova Prata; Brasil]
260 3 _aPorto Alegre, RS (Brasil):
_c1978.
500 _aAta da 23. Reuniao Tecnica Anual do Milho e 7. do Sorgo Granifero Porto Alegre, RS (Brasil): 1978. p. 15 (BR7805331-AM)F00
650 _aProducao vegetal
650 _aMelhoramento genetico vegetal
650 _aMilho
650 _aSemeadura
650 _aRendimento
650 _aVariedade
650 _aRio Grande do Sul
773 0 _tAta da 23. Reuniao Tecnica Anual do Milho e 7. do Sorgo Granifero
_wF00 BR7805331
_gPorto Alegre, RS (Brasil), 1978. p. 15
909 _a202404
_bLucia
_c55
_dLucia Elande
942 _cAM
_2AGRIS
999 _c309602
_d309602